[Event "30th Klatovy A 2024"]
[Site "Klatovy CZE"]
[Date "2024.07.02"]
[Round "4.5"]
[White "Pasek, Josef"]
[Black "Formanek, Martin"]
[Result "0-1"]
[WhiteElo "1891"]
[BlackElo "2197"]
[PlyCount "50"]
[EventDate "2024.06.29"]
[EventType "swiss"]
[EventRounds "9"]
[EventCountry "CZE"]

1. d4 {[%emt 0:00:02]} Nf6 {[%emt 0:00:18]} 2. Nf3 {[%emt 0:00:09]} g6 {[%emt 0:00:10]} 3. c4 {[%emt 0:00:10]} Bg7 {[%emt 0:00:07]} 4. Nc3 {[%emt 0:00:07]} d6 {[%emt 0:00:12]} 5. h3 {[%emt 0:00:16]} O-O {[%emt 0:01:23]} 6. e4 {[%emt 0:00:09]} c5 {[%emt 0:01:04]} 7. d5 {[%emt 0:04:28]} Na6 {[%emt 0:00:12]} 8. Be2 {[%emt 0:08:27]} Nc7 {[%emt 0:00:13]} 9. O-O {[%emt 0:00:51]} a6 {[%emt 0:01:14]} 10. a4 {[%emt 0:00:12]} b6 {[%emt 0:00:08]} 11. Nd2 {[%emt 0:15:09]} Bd7 {[%emt 0:04:16]} 12. Ndb1 {[%emt 0:01:05]} e6 {[%emt 0:09:52]} 13. Bf4 {[%emt 0:10:11]} Nfe8 {[%emt 0:13:00]} 14. Qd2 {[%emt 0:09:59]} Bd4 {[%emt 0:19:17]} 15. h4 {[%emt 0:08:27]} e5 {[%emt 0:04:19]} 16. Bh6 {[%emt 0:00:39]} Ng7 {[%emt 0:00:15]} 17. g3 {[%emt 0:21:03]} Nce8 {[%emt 0:01:41]} 18. Kg2 {[%emt 0:01:10]} f5 {[%emt 0:01:12]} 19. h5 {[%emt 0:10:13]} f4 {[%emt 0:05:43]} 20. hxg6 {[%emt 0:00:58]} hxg6 {[%emt 0:00:27]} 21. gxf4 {[%emt 0:00:47]} exf4 {[%emt 0:00:36]} 22. Bxf4 {[%emt 0:00:42]} Qh4 {[%emt 0:00:39]} 23. Be3 {[%emt 0:05:08]} Bh3+ {[%emt 0:03:05]} 24. Kg1 {[%emt 0:00:08]} Rxf2 {[%emt 0:02:22]} 25. Bxf2 {[%emt 0:02:08]} Qg3+ {[%emt 0:00:06]} 0-1

[Event "30th Klatovy A 2024"]
[Site "Klatovy CZE"]
[Date "2024.07.02"]
[Round "4.6"]
[White "Janous, Marek"]
[Black "Strnad, Jakub"]
[Result "1/2-1/2"]
[WhiteElo "2129"]
[BlackElo "1942"]
[PlyCount "62"]
[EventDate "2024.06.29"]
[EventType "swiss"]
[EventRounds "9"]
[EventCountry "CZE"]

1. e4 {[%emt 0:00:12]} e5 {[%emt 0:00:18]} 2. Nf3 {[%emt 0:00:06]} Nc6 {[%emt 0:00:08]} 3. Nc3 {[%emt 0:01:22]} Nf6 {[%emt 0:01:08]} 4. Bb5 {[%emt 0:01:17]} d6 {[%emt 0:03:50]} 5. d4 {[%emt 0:00:32]} exd4 {[%emt 0:00:10]} 6. Nxd4 {[%emt 0:00:07]} Bd7 {[%emt 0:00:18]} 7. Nxc6 {[%emt 0:00:11]} Bxc6 {[%emt 0:00:27]} 8. Bxc6+ {[%emt 0:00:14]} bxc6 {[%emt 0:00:04]} 9. O-O {[%emt 0:00:08]} Be7 {[%emt 0:01:53]} 10. f4 {[%emt 0:01:43]} O-O {[%emt 0:00:50]} 11. Qf3 {[%emt 0:02:48]} Qd7 {[%emt 0:02:28]} 12. f5 {[%emt 0:03:33]} Qe8 {[%emt 0:10:43]} 13. g4 {[%emt 0:51:20]} Nd7 {[%emt 0:05:30]} 14. Bf4 {[%emt 0:15:00]} Ne5 {[%emt 0:01:27]} 15. Qg3 {[%emt 0:00:48]} f6 {[%emt 0:01:40]} 16. Kh1 {[%emt 0:09:21]} g5 {[%emt 0:08:09]} 17. Bxe5 {[%emt 0:02:01]} dxe5 {[%emt 0:01:55]} 18. Qd3 {[%emt 0:03:44]} Kg7 {[%emt 0:02:45]} 19. Kg2 {[%emt 0:11:37]} Rd8 {[%emt 0:05:00]} 20. Qe3 {[%emt 0:00:09]} a6 {[%emt 0:01:12]} 21. Rad1 {[%emt 0:03:47]} Bd6 {[%emt 0:11:10]} 22. Ne2 {[%emt 0:03:15]} h5 {[%emt 0:02:36]} 23. h3 {[%emt 0:00:28]} h4 {[%emt 0:01:01]} 24. Qd3 {[%emt 0:05:08]} a5 {[%emt 0:04:22]} 25. b3 {[%emt 0:00:38]} Bc5 {[%emt 0:10:12]} 26. Qc3 {[%emt 0:02:13]} Bb6 {[%emt 0:00:43]} 27. Rd3 {[%emt 0:01:43]} Rxd3 {[%emt 0:01:32]} 28. Qxd3 {[%emt 0:00:32]} Qe7 {[%emt 0:00:29]} 29. Rd1 {[%emt 0:00:36]} Qc5 {[%emt 0:00:38]} 30. Rf1 {[%emt 0:03:49]} Qd6 {[%emt 0:02:54]} 31. Rd1 {[%emt 0:03:15]} Qc5 {[%emt 0:01:10]} 1/2-1/2

[Event "30th Klatovy A 2024"]
[Site "Klatovy CZE"]
[Date "2024.07.02"]
[Round "4.7"]
[White "Lhotsky, Zdenek"]
[Black "Soural, Jan"]
[Result "0-1"]
[WhiteElo "1918"]
[BlackElo "2098"]
[PlyCount "82"]
[EventDate "2024.06.29"]
[EventType "swiss"]
[EventRounds "9"]
[EventCountry "CZE"]

1. e4 {[%emt 0:00:04]} c5 {[%emt 0:00:11]} 2. Nf3 {[%emt 0:00:09]} Nc6 {[%emt 0:00:08]} 3. d4 {[%emt 0:00:06]} cxd4 {[%emt 0:00:04]} 4. Nxd4 {[%emt 0:00:05]} g6 {[%emt 0:00:09]} 5. c4 {[%emt 0:01:21]} Bg7 {[%emt 0:03:17]} 6. Be3 {[%emt 0:01:41]} Nf6 {[%emt 0:00:07]} 7. Nc3 {[%emt 0:00:12]} d6 {[%emt 0:00:15]} 8. Be2 {[%emt 0:02:00]} O-O {[%emt 0:00:08]} 9. O-O {[%emt 0:01:59]} Bd7 {[%emt 0:00:09]} 10. Rc1 {[%emt 0:03:19]} Nxd4 {[%emt 0:00:25]} 11. Bxd4 {[%emt 0:00:18]} Bc6 {[%emt 0:00:05]} 12. Qd3 {[%emt 0:11:25]} a5 {[%emt 0:01:42]} 13. Rfd1 {[%emt 0:05:03]} a4 {[%emt 0:06:08]} 14. Qe3 {[%emt 0:04:42]} Nd7 {[%emt 0:22:56]} 15. Bxg7 {[%emt 0:09:40]} Kxg7 {[%emt 0:00:03]} 16. Nd5 {[%emt 0:01:29]} e5 {[%emt 0:16:50]} 17. Nb4 {[%emt 0:13:43]} Nc5 {[%emt 0:11:33]} 18. Nxc6 {[%emt 0:05:31]} bxc6 {[%emt 0:00:08]} 19. Rd2 {[%emt 0:07:13]} Qe7 {[%emt 0:04:02]} 20. Rcd1 {[%emt 0:05:06]} Rfd8 {[%emt 0:01:21]} 21. g3 {[%emt 0:01:57]} Ne6 {[%emt 0:01:49]} 22. Bf1 {[%emt 0:02:52]} c5 {[%emt 0:05:10]} 23. f4 {[%emt 0:03:13]} Nd4 {[%emt 0:01:21]} 24. Bg2 {[%emt 0:00:52]} Rab8 {[%emt 0:04:56]} 25. Rf1 {[%emt 0:01:51]} Rb4 {[%emt 0:01:01]} 26. f5 {[%emt 0:06:06]} f6 {[%emt 0:02:29]} 27. fxg6 {[%emt 0:00:44]} hxg6 {[%emt 0:00:12]} 28. Qd3 {[%emt 0:00:26]} Qe6 {[%emt 0:16:29]} 29. Rc1 {[%emt 0:02:00]} Rdb8 {[%emt 0:00:41]} 30. Qc3 {[%emt 0:01:07]} Qf7 {[%emt 0:05:28]} 31. Rf2 {[%emt 0:04:01]} Qb7 {[%emt 0:00:42]} 32. Rb1 {[%emt 0:00:19]} Qb6 {[%emt 0:03:55]} 33. Qd3 {[%emt 0:05:33]} Qa6 {[%emt 0:01:10]} 34. Bf1 {[%emt 0:00:45]} Qa8 {[%emt 0:02:36]} 35. Bh3 {[%emt 0:02:28]} R8b7 {[%emt 0:02:42]} 36. Bg4 {[%emt 0:01:49]} Qg8 {[%emt 0:04:44]} 37. Rbf1 {[%emt 0:07:23]} Qxc4 {[%emt 0:05:30]} 38. Qxc4 {[%emt 0:00:49]} Rxc4 {[%emt 0:00:01]} 39. Rxf6 {[%emt 0:00:25]} Rxb2 {[%emt 0:02:43]} 40. h4 {[%emt 0:01:50]} Rcc2 {[%emt 0:01:27]} 41. Bh3 {[%emt 0:01:00]} Ne2+ {[%emt 0:01:53]} 0-1

[Event "30th Klatovy A 2024"]
[Site "Klatovy CZE"]
[Date "2024.07.02"]
[Round "4.8"]
[White "Vana, Jan 2010"]
[Black "Polak, Michal 2002"]
[Result "1-0"]
[WhiteElo "1875"]
[BlackElo "2075"]
[PlyCount "135"]
[EventDate "2024.06.29"]
[EventType "swiss"]
[EventRounds "9"]
[EventCountry "CZE"]

1. e4 e5 {[%emt 0:00:07]} 2. Nf3 {[%emt 0:00:04]} Nc6 {[%emt 0:00:06]} 3. Bb5 {[%emt 0:00:04]} a6 {[%emt 0:00:54]} 4. Ba4 {[%emt 0:00:05]} Nf6 {[%emt 0:00:32]} 5. d3 {[%emt 0:00:10]} b5 {[%emt 0:00:59]} 6. Bb3 {[%emt 0:00:05]} Be7 {[%emt 0:00:46]} 7. Nc3 {[%emt 0:00:53]} O-O {[%emt 0:02:02]} 8. a4 {[%emt 0:00:54]} b4 {[%emt 0:06:00]} 9. Nd5 {[%emt 0:01:16]} d6 {[%emt 0:01:28]} 10. Nxe7+ {[%emt 0:02:55]} Qxe7 {[%emt 0:00:06]} 11. Bg5 {[%emt 0:06:15]} Na5 {[%emt 0:08:10]} 12. Ba2 {[%emt 0:03:10]} Rb8 {[%emt 0:05:28]} 13. O-O {[%emt 0:12:39]} h6 {[%emt 0:04:35]} 14. Bh4 {[%emt 0:03:56]} b3 {[%emt 0:04:17]} 15. Bxf6 {[%emt 0:17:29]} Qxf6 {[%emt 0:00:15]} 16. Qd2 {[%emt 0:00:32]} bxa2 {[%emt 0:03:26]} 17. Qxa5 {[%emt 0:01:52]} Rxb2 {[%emt 0:14:20]} 18. Qc3 {[%emt 0:06:00]} Rb7 {[%emt 0:00:33]} 19. Rxa2 {[%emt 0:00:18]} Bg4 {[%emt 0:00:21]} 20. Nd2 {[%emt 0:01:17]} Rfb8 {[%emt 0:02:08]} 21. Raa1 {[%emt 0:02:43]} Qg5 {[%emt 0:05:43]} 22. Nc4 {[%emt 0:05:03]} Be6 {[%emt 0:14:54]} 23. Kh1 {[%emt 0:05:26]} g6 {[%emt 0:12:42]} 24. Na5 {[%emt 0:04:45]} Rb2 {[%emt 0:00:54]} 25. Nb3 {[%emt 0:02:41]} R8xb3 {[%emt 0:03:43]} 26. cxb3 {[%emt 0:00:21]} Rxb3 {[%emt 0:00:10]} 27. Qxc7 {[%emt 0:04:12]} Rxd3 {[%emt 0:03:05]} 28. Rfd1 {[%emt 0:02:18]} Rd2 {[%emt 0:02:56]} 29. Rxd2 {[%emt 0:12:28]} Qxd2 {[%emt 0:00:05]} 30. f3 {[%emt 0:00:27]} Qd4 {[%emt 0:06:34]} 31. Qc1 {[%emt 0:03:37]} Bb3 {[%emt 0:02:52]} 32. a5 {[%emt 0:05:47]} Kg7 {[%emt 0:01:38]} 33. Qg1 {[%emt 0:01:49]} Qd2 {[%emt 0:07:01]} 34. Qe1 {[%emt 0:01:39]} Qd4 {[%emt 0:01:16]} 35. Rc1 {[%emt 0:01:18]} Ba4 {[%emt 0:04:48]} 36. Qc3 {[%emt 0:01:46]} Bb5 {[%emt 0:00:50]} 37. Qe1 {[%emt 0:14:50]} Ba4 {[%emt 0:01:10]} 38. Qc3 {[%emt 0:00:41]} Bb5 {[%emt 0:00:03]} 39. Qb3 {[%emt 0:00:28]} Ba4 {[%emt 0:03:22]} 40. Qc4 {[%emt 0:01:29]} Bb5 {[%emt 0:00:15]} 41. Qd5 {[%emt 0:01:12]} Be2 {[%emt 0:05:56]} 42. h3 {[%emt 0:04:16]} Kf6 {[%emt 0:04:11]} 43. Rc6 {[%emt 0:01:57]} Qxd5 {[%emt 0:00:26]} 44. exd5 {[%emt 0:00:02]} Ke7 {[%emt 0:00:12]} 45. Rc7+ {[%emt 0:00:23]} Ke8 {[%emt 0:00:14]} 46. Kg1 {[%emt 0:00:35]} Bb5 {[%emt 0:00:34]} 47. Kf2 {[%emt 0:00:27]} f6 {[%emt 0:01:10]} 48. Rg7 {[%emt 0:01:06]} Bd3 {[%emt 0:00:14]} 49. Ke3 {[%emt 0:00:18]} Bc4 {[%emt 0:00:53]} 50. Rxg6 {[%emt 0:00:33]} Kf7 {[%emt 0:00:04]} 51. Rxh6 {[%emt 0:00:20]} Bxd5 {[%emt 0:00:06]} 52. Rh7+ {[%emt 0:00:29]} Ke6 {[%emt 0:00:13]} 53. g4 {[%emt 0:00:39]} Bc4 {[%emt 0:00:27]} 54. Rh6 {[%emt 0:00:29]} Ke7 {[%emt 0:00:36]} 55. h4 {[%emt 0:00:43]} d5 {[%emt 0:00:33]} 56. g5 {[%emt 0:00:32]} f5 {[%emt 0:00:44]} 57. Rc6 {[%emt 0:00:30]} d4+ {[%emt 0:00:51]} 58. Kf2 {[%emt 0:00:24]} Bd3 {[%emt 0:00:55]} 59. g6 {[%emt 0:00:37]} e4 {[%emt 0:00:21]} 60. fxe4 {[%emt 0:00:18]} fxe4 {[%emt 0:00:05]} 61. g7 {[%emt 0:00:27]} e3+ {[%emt 0:00:58]} 62. Ke1 {[%emt 0:00:09]} Bh7 {[%emt 0:00:22]} 63. Rc4 {[%emt 0:01:07]} d3 {[%emt 0:00:14]} 64. g8=Q {[%emt 0:00:26]} Bxg8 {[%emt 0:00:40]} 65. Re4+ {[%emt 0:00:05]} Kf6 {[%emt 0:00:52]} 66. Rxe3 {[%emt 0:00:05]} Bc4 {[%emt 0:00:34]} 67. Kd2 {[%emt 0:00:19]} Kf5 {[%emt 0:00:30]} 68. Rxd3 {[%emt 0:00:08]} 1-0

[Event "30th Klatovy A 2024"]
[Site "Klatovy CZE"]
[Date "2024.07.02"]
[Round "4.9"]
[White "Palek, Miroslav"]
[Black "Kroulik, Vaclav"]
[Result "0-1"]
[WhiteElo "2056"]
[BlackElo "1976"]
[PlyCount "84"]
[EventDate "2024.06.29"]
[EventType "swiss"]
[EventRounds "9"]
[EventCountry "CZE"]

1. e4 {[%emt 0:00:03]} c5 {[%emt 0:00:16]} 2. Nc3 {[%emt 0:00:25]} e6 {[%emt 0:02:04]} 3. g3 {[%emt 0:00:54]} Nc6 {[%emt 0:01:32]} 4. Bg2 {[%emt 0:00:20]} g6 {[%emt 0:02:21]} 5. f4 {[%emt 0:00:56]} Bg7 {[%emt 0:01:25]} 6. Nf3 {[%emt 0:00:24]} Nge7 {[%emt 0:00:48]} 7. d3 {[%emt 0:01:22]} d5 {[%emt 0:13:15]} 8. e5 {[%emt 0:01:49]} O-O {[%emt 0:03:36]} 9. O-O {[%emt 0:01:03]} a6 {[%emt 0:00:55]} 10. Kh1 {[%emt 0:10:22]} Qc7 {[%emt 0:08:14]} 11. d4 {[%emt 0:01:39]} cxd4 {[%emt 0:00:48]} 12. Nxd4 {[%emt 0:01:37]} Nxd4 {[%emt 0:01:17]} 13. Qxd4 {[%emt 0:00:09]} f6 {[%emt 0:04:25]} 14. exf6 {[%emt 0:01:52]} Bxf6 {[%emt 0:00:18]} 15. Qd3 {[%emt 0:00:50]} Bd7 {[%emt 0:03:37]} 16. Ne2 {[%emt 0:06:12]} Nf5 {[%emt 0:08:00]} 17. c3 {[%emt 0:03:30]} Bb5 {[%emt 0:03:30]} 18. Qf3 {[%emt 0:04:38]} Rfe8 {[%emt 0:18:21]} 19. Rd1 {[%emt 0:02:11]} Qb6 {[%emt 0:06:00]} 20. Bd2 {[%emt 0:12:42]} Be7 {[%emt 0:12:03]} 21. Nd4 {[%emt 0:05:00]} Nxd4 {[%emt 0:00:55]} 22. cxd4 {[%emt 0:00:09]} Qxd4 {[%emt 0:04:50]} 23. Bc3 {[%emt 0:01:24]} Qc4 {[%emt 0:04:07]} 24. Qe3 {[%emt 0:03:00]} Bd6 {[%emt 0:02:54]} 25. f5 {[%emt 0:01:08]} exf5 {[%emt 0:02:41]} 26. Qh6 {[%emt 0:01:27]} Bf8 {[%emt 0:00:40]} 27. Qd2 {[%emt 0:12:50]} Bc6 {[%emt 0:07:54]} 28. b3 {[%emt 0:11:09]} Qc5 {[%emt 0:00:16]} 29. Bd4 {[%emt 0:00:43]} Qd6 {[%emt 0:01:08]} 30. Rac1 {[%emt 0:06:34]} Rad8 {[%emt 0:00:33]} 31. Re1 {[%emt 0:06:59]} Bg7 {[%emt 0:02:40]} 32. Rcd1 {[%emt 0:01:49]} Rxe1+ {[%emt 0:01:19]} 33. Rxe1 {[%emt 0:00:08]} Bxd4 {[%emt 0:00:47]} 34. Qxd4 {[%emt 0:00:09]} Kf7 {[%emt 0:00:08]} 35. Qh4 {[%emt 0:02:14]} h5 {[%emt 0:00:58]} 36. Qg5 {[%emt 0:02:45]} d4 {[%emt 0:00:51]} 37. Qh6 {[%emt 0:00:21]} Bxg2+ {[%emt 0:00:29]} 38. Kxg2 {[%emt 0:00:07]} b5 {[%emt 0:01:42]} 39. g4 {[%emt 0:02:05]} fxg4 {[%emt 0:03:13]} 40. Qh7+ {[%emt 0:03:26]} Kf6 {[%emt 0:00:14]} 41. Rf1+ {[%emt 0:00:30]} Kg5 {[%emt 0:00:17]} 42. Kg1 {[%emt 0:02:35]} d3 {[%emt 0:01:31]} 0-1

[Event "30th Klatovy A 2024"]
[Site "Klatovy CZE"]
[Date "2024.07.02"]
[Round "4.10"]
[White "Velim, Vojtech"]
[Black "Kala, Jakub"]
[Result "1/2-1/2"]
[WhiteElo "1979"]
[BlackElo "1787"]
[PlyCount "21"]
[EventDate "2024.06.29"]
[EventType "swiss"]
[EventRounds "9"]
[EventCountry "CZE"]

1. Nf3 {[%emt 0:00:02]} Nf6 {[%emt 0:00:11]} 2. Nd4 {[%emt 0:00:04]} Nd5 {[%emt 0:00:18]} 3. Nb3 {[%emt 0:00:07]} Nb6 {[%emt 0:00:06]} 4. Nc3 {[%emt 0:00:04]} Nc6 {[%emt 0:00:05]} 5. Ne4 {[%emt 0:00:04]} Ne5 {[%emt 0:00:16]} 6. Ng5 {[%emt 0:00:06]} Ng4 {[%emt 0:00:16]} 7. Nf3 {[%emt 0:00:11]} Nf6 {[%emt 0:00:07]} 8. Nc5 {[%emt 0:00:07]} Nc4 {[%emt 0:00:15]} 9. Na4 {[%emt 0:00:05]} Na5 {[%emt 0:00:19]} 10. Nc3 {[%emt 0:00:05]} Nc6 {[%emt 0:00:05]} 11. Nb1 {[%emt 0:00:07]} 1/2-1/2

[Event "30th Klatovy A 2024"]
[Site "Klatovy CZE"]
[Date "2024.07.02"]
[Round "4.11"]
[White "Pycha, Patrik"]
[Black "Rudlof, Adam"]
[Result "1-0"]
[WhiteElo "2089"]
[BlackElo "1820"]
[PlyCount "129"]
[EventDate "2024.06.29"]
[EventType "swiss"]
[EventRounds "9"]
[EventCountry "CZE"]

1. e4 {[%emt 0:00:02]} d5 {[%emt 0:00:06]} 2. exd5 {[%emt 0:00:15]} Qxd5 {[%emt 0:00:10]} 3. Nf3 {[%emt 0:00:07]} Bg4 {[%emt 0:00:10]} 4. Be2 {[%emt 0:00:07]} Nc6 {[%emt 0:00:08]} 5. h3 {[%emt 0:00:11]} Bxf3 {[%emt 0:00:37]} 6. Bxf3 {[%emt 0:00:08]} Qe6+ {[%emt 0:00:09]} 7. Qe2 {[%emt 0:04:35]} Nd4 {[%emt 0:00:25]} 8. Qxe6 {[%emt 0:01:05]} Nxf3+ {[%emt 0:00:08]} 9. gxf3 {[%emt 0:00:05]} fxe6 {[%emt 0:00:10]} 10. b3 {[%emt 0:01:57]} g6 {[%emt 0:02:35]} 11. Bb2 {[%emt 0:00:39]} Nf6 {[%emt 0:00:09]} 12. Nc3 {[%emt 0:00:52]} O-O-O {[%emt 0:01:59]} 13. Ne4 {[%emt 0:01:24]} Bh6 {[%emt 0:08:37]} 14. Nxf6 {[%emt 0:03:07]} Bg7 {[%emt 0:00:13]} 15. Ne4 {[%emt 0:10:47]} Bxb2 {[%emt 0:00:10]} 16. Rd1 {[%emt 0:00:58]} Bg7 {[%emt 0:01:31]} 17. O-O {[%emt 0:05:53]} Rd5 {[%emt 0:03:09]} 18. Rfe1 {[%emt 0:01:28]} Rf8 {[%emt 0:07:12]} 19. Kg2 {[%emt 0:09:48]} Rdf5 {[%emt 0:02:50]} 20. Re3 {[%emt 0:00:21]} Bh6 {[%emt 0:05:16]} 21. Ng3 {[%emt 0:06:56]} Bxe3 {[%emt 0:01:47]} 22. Nxf5 {[%emt 0:00:12]} exf5 {[%emt 0:00:20]} 23. fxe3 {[%emt 0:00:13]} Kd7 {[%emt 0:00:19]} 24. f4 {[%emt 0:00:40]} Kd6 {[%emt 0:02:00]} 25. d4 {[%emt 0:01:59]} b5 {[%emt 0:08:11]} 26. c3 {[%emt 0:09:09]} Rb8 {[%emt 0:02:02]} 27. Kf3 {[%emt 0:00:32]} Rb6 {[%emt 0:04:15]} 28. Ke2 {[%emt 0:04:31]} Ra6 {[%emt 0:01:13]} 29. Rd2 {[%emt 0:00:23]} Kd5 {[%emt 0:01:24]} 30. Kd3 {[%emt 0:01:51]} Ra3 {[%emt 0:03:16]} 31. h4 {[%emt 0:01:12]} c5 {[%emt 0:12:20]} 32. dxc5 {[%emt 0:00:38]} Kxc5 {[%emt 0:00:10]} 33. e4 {[%emt 0:06:06]} fxe4+ {[%emt 0:09:52]} 34. Kxe4 {[%emt 0:00:16]} Ra6 {[%emt 0:00:27]} 35. Ke5 {[%emt 0:13:58]} Rf6 {[%emt 0:12:16]} 36. Rd7 {[%emt 0:02:09]} Rf5+ {[%emt 0:00:28]} 37. Ke4 {[%emt 0:00:20]} a5 {[%emt 0:00:35]} 38. Rxe7 {[%emt 0:00:30]} Rf8 {[%emt 0:05:47]} 39. Rc7+ {[%emt 0:00:30]} Kb6 {[%emt 0:00:28]} 40. Rxh7 {[%emt 0:00:19]} Re8+ {[%emt 0:00:07]} 41. Kd4 {[%emt 0:00:49]} Re2 {[%emt 0:00:53]} 42. Rh6 {[%emt 0:01:07]} Rd2+ {[%emt 0:00:19]} 43. Ke3 {[%emt 0:02:29]} Rxa2 {[%emt 0:00:10]} 44. Rxg6+ {[%emt 0:00:06]} Kc5 {[%emt 0:00:10]} 45. Rg5+ {[%emt 0:00:16]} Kc6 {[%emt 0:00:09]} 46. h5 {[%emt 0:00:31]} a4 {[%emt 0:00:21]} 47. bxa4 {[%emt 0:00:05]} bxa4 {[%emt 0:00:05]} 48. h6 {[%emt 0:00:31]} Rh2 {[%emt 0:00:18]} 49. Ra5 {[%emt 0:00:26]} Kb6 {[%emt 0:00:30]} 50. Rxa4 {[%emt 0:00:09]} Rxh6 {[%emt 0:00:06]} 51. Rd4 {[%emt 0:01:03]} Kc5 {[%emt 0:00:20]} 52. Ke4 {[%emt 0:00:24]} Kc6 {[%emt 0:03:55]} 53. Ke5 {[%emt 0:00:11]} Rh1 {[%emt 0:01:03]} 54. f5 {[%emt 0:00:08]} Re1+ {[%emt 0:00:59]} 55. Kf6 {[%emt 0:00:06]} Re3 {[%emt 0:01:52]} 56. Kf7 {[%emt 0:00:20]} Rxc3 {[%emt 0:00:53]} 57. f6 {[%emt 0:00:06]} Kc5 {[%emt 0:00:28]} 58. Rd1 {[%emt 0:00:14]} Ra3 {[%emt 0:00:19]} 59. Kg7 {[%emt 0:00:12]} Rg3+ {[%emt 0:01:30]} 60. Kf8 {[%emt 0:00:06]} Rf3 {[%emt 0:00:58]} 61. f7 {[%emt 0:00:50]} Kc6 {[%emt 0:00:44]} 62. Rd4 {[%emt 0:00:39]} Kc5 {[%emt 0:00:23]} 63. Rg4 {[%emt 0:00:28]} Kd6 {[%emt 0:01:38]} 64. Kg7 {[%emt 0:00:15]} Ke7 {[%emt 0:00:08]} 65. Re4+ {[%emt 0:00:06]} 1-0

[Event "30th Klatovy A 2024"]
[Site "Klatovy CZE"]
[Date "2024.07.02"]
[Round "4.12"]
[White "Honcharov, Makar"]
[Black "Dvorak, Jan"]
[Result "1/2-1/2"]
[WhiteElo "1824"]
[BlackElo "2133"]
[PlyCount "46"]
[EventDate "2024.06.29"]
[EventType "swiss"]
[EventRounds "9"]
[EventCountry "CZE"]

1. e4 {[%emt 0:00:01]} e6 {[%emt 0:00:21]} 2. d4 {[%emt 0:00:09]} d5 {[%emt 0:00:08]} 3. e5 {[%emt 0:00:04]} c5 {[%emt 0:00:13]} 4. c3 {[%emt 0:00:05]} Nc6 {[%emt 0:00:27]} 5. Nf3 {[%emt 0:00:10]} Qb6 {[%emt 0:00:32]} 6. Bd3 {[%emt 0:00:06]} Nh6 {[%emt 0:01:17]} 7. O-O {[%emt 0:01:03]} cxd4 {[%emt 0:02:51]} 8. a3 {[%emt 0:00:23]} a5 {[%emt 0:12:00]} 9. h3 {[%emt 0:04:57]} Bd7 {[%emt 0:08:07]} 10. Nbd2 {[%emt 0:01:06]} Be7 {[%emt 0:04:50]} 11. c4 {[%emt 0:01:31]} Qc7 {[%emt 0:27:35]} 12. cxd5 {[%emt 0:01:20]} exd5 {[%emt 0:11:41]} 13. Re1 {[%emt 0:02:48]} Be6 {[%emt 0:15:21]} 14. Nf1 {[%emt 0:07:01]} Qd7 {[%emt 0:10:12]} 15. Ng3 {[%emt 0:03:45]} Nf5 {[%emt 0:06:34]} 16. Bxf5 {[%emt 0:03:37]} Bxf5 {[%emt 0:00:06]} 17. Nxd4 {[%emt 0:01:08]} Nxd4 {[%emt 0:01:28]} 18. Qxd4 {[%emt 0:00:12]} Be6 {[%emt 0:00:12]} 19. Be3 {[%emt 0:06:17]} O-O {[%emt 0:02:09]} 20. Rf1 {[%emt 0:03:10]} Rfc8 {[%emt 0:03:16]} 21. Rac1 {[%emt 0:02:06]} Rc4 {[%emt 0:03:05]} 22. Rxc4 {[%emt 0:05:24]} dxc4 {[%emt 0:00:04]} 23. Qe4 {[%emt 0:03:07]} Qd5 {[%emt 0:05:24]} 1/2-1/2

[Event "30th Klatovy A 2024"]
[Site "Klatovy CZE"]
[Date "2024.07.02"]
[Round "4.13"]
[White "Richter, Martin 1969"]
[Black "Andrle, Filip"]
[Result "0-1"]
[WhiteElo "1921"]
[BlackElo "2036"]
[PlyCount "130"]
[EventDate "2024.06.29"]
[EventType "swiss"]
[EventRounds "9"]
[EventCountry "CZE"]

1. e4 c5 2. Nc3 Nc6 3. Bb5 Nd4 4. Nf3 Nxb5 5. Nxb5 a6 6. Nc3 d6 7. d4 cxd4 8. Qxd4 e5 9. Qd3 Be7 10. Be3 Nf6 11. O-O O-O 12. a4 b6 13. Rfd1 Bb7 14. h3 Rc8 15. Bg5 Rxc3 16. bxc3 Nxe4 17. Bxe7 Qxe7 18. Rab1 Qc7 19. Rb4 d5 20. Rdb1 Nxc3 21. R1b3 d4 22. Rc4 Qe7 23. Rcxc3 dxc3 24. Qxc3 e4 25. Qe5 Qd7 26. Qd4 Qd5 27. Qxb6 exf3 28. Qxb7 Qd1+ 29. Kh2 fxg2 30. Kxg2 Qxc2 31. Rb4 a5 32. Rg4 Qc5 33. Qb2 g6 34. Qd2 Rb8 35. Rg5 Qc6+ 36. Kh2 Qxa4 37. Rxa5 Qh4 38. Qe3 Qf6 39. Ra4 Qc6 40. Re4 h5 41. Qf4 Rb5 42. Qe3 Rf5 43. Qe2 Rxf2+ 44. Qxf2 Qxe4 45. Qf6 Qe6 46. Qd8+ Kg7 47. Qd3 f6 48. Qf3 Qf7 49. Qd3 g5 50. Qc2 Qe7 51. Qb3 Qc7+ 52. Kg2 h4 53. Qe3 Qg3+ 54. Qxg3 hxg3 55. Kxg3 f5 56. Kf3 Kg6 57. Kg2 Kh5 58. Kg3 f4+ 59. Kf3 Kh4 60. Kg2 f3+ 61. Kh2 g4 62. hxg4 Kxg4 63. Kh1 Kh3 64. Kg1 Kg3 65. Kh1 Kf2 0-1

[Event "30th Klatovy A 2024"]
[Site "Klatovy CZE"]
[Date "2024.07.02"]
[Round "4.14"]
[White "Krivka, Matej"]
[Black "Stein, Michael 2009"]
[Result "0-1"]
[WhiteElo "1914"]
[BlackElo "1965"]
[PlyCount "54"]
[EventDate "2024.06.29"]
[EventType "swiss"]
[EventRounds "9"]
[EventCountry "CZE"]

1. e4 e6 2. d4 d5 3. Nc3 Bb4 4. Nge2 dxe4 5. a3 Be7 6. Nxe4 Nf6 7. N2g3 Nxe4 8. Nxe4 O-O 9. c3 Nc6 10. Bf4 f5 11. Nd2 g5 12. Be5 Bf6 13. Bxf6 Qxf6 14. Bc4 Kh8 15. Qc2 e5 16. dxe5 Qxe5+ 17. Be2 Re8 18. Nf3 Qe7 19. Rd1 g4 20. Nd4 f4 21. Nxc6 bxc6 22. Kf1 Bf5 23. Bd3 Bxd3+ 24. Qxd3 Rad8 25. Qc2 f3 26. gxf3 gxf3 27. Rb1 Qe6 0-1

[Event "30th Klatovy A 2024"]
[Site "Klatovy CZE"]
[Date "2024.07.02"]
[Round "4.15"]
[White "Sadil, Antonin"]
[Black "Roubal, Matyas"]
[Result "0-1"]
[WhiteElo "1956"]
[BlackElo "1870"]
[PlyCount "120"]
[EventDate "2024.06.29"]
[EventType "swiss"]
[EventRounds "9"]
[EventCountry "CZE"]

1. e4 c5 2. Nc3 d6 3. g3 Nc6 4. Bg2 g6 5. d3 Bg7 6. Be3 e6 7. Qd2 Nd4 8. Nd1 Nc6 9. c3 e5 10. Ne2 Be6 11. d4 exd4 12. cxd4 cxd4 13. Nxd4 Nxd4 14. Bxd4 Bxd4 15. Qxd4 Qa5+ 16. Nc3 Qe5 17. Nb5 Qxd4 18. Nxd4 Kd7 19. Kd2 Ne7 20. Nxe6 fxe6 21. Bh3 Rac8 22. Rac1 Rc6 23. Bg4 Rhc8 24. Be2 Rxc1 25. Rxc1 Rxc1 26. Kxc1 g5 27. Kd2 Ng8 28. Ke3 e5 29. Bg4+ Kc6 30. Be6 Nf6 31. f4 gxf4+ 32. gxf4 Nh5 33. fxe5 dxe5 34. Bd5+ Kc7 35. Kf3 Nf4 36. Bc4 Kd6 37. Kg4 Kc5 38. Bg8 h6 39. Kf5 Kd4 40. Bh7 Nd3 41. Kg4 Nf2+ 42. Kf3 Nh3 43. Kg4 Ng5 44. Bg6 Nxe4 45. Kh5 Nf6+ 46. Kxh6 e4 47. Bxe4 Kxe4 48. h4 Kf5 49. Kg7 Ke6 50. Kg6 b5 51. Kg5 b4 52. Kf4 a5 53. Kg5 a4 54. Kf4 Nd5+ 55. Kg5 Kf7 56. Kf5 Nc3 57. Ke5 Nxa2 58. Kd4 Kg6 59. Kc4 b3 60. Kb5 a3 0-1